[Event "AUT-chW"]
[Site "Gallspach (OOe)"]
[Date "1997.07.28"]
[Round "1"]
[White "Kirchmayr, Elisabeth"]
[Black "Sommer, Sonja"]
[Result "0-1"]
[WhiteElo "1819"]
[BlackElo "1955"]
[PlyCount "66"]
[EventDate "1997.07.28"]

1. c4 e5 2. Nc3 Nc6 3. g3 g6 4. Bg2 Bg7 5. Nf3 d6 6. O-O f5 7. d3 Nf6 8. Rb1 h6
9. d4 e4 10. Ne1 O-O 11. Nc2 g5 12. b4 Qe8 13. e3 Qf7 14. d5 Ne5 15. Qe2 g4 16.
Nd4 Nf3+ 17. Kh1 f4 18. gxf4 Qh5 {} 19. h3 Nxd4 20. exd4 gxh3 21. Bxe4 Qxe2
22. Nxe2 Nxe4 23. f3 Bf5 24. Rb3 Nf6 25. Rg1 Nh5 26. c5 Rae8 27. Nc3 Kh7 28.
Nb5 Re2 29. cxd6 cxd6 30. Rc3 Rf6 31. Rc7 Rg6 32. Rxg6 Kxg6 33. Nxd6 Ng3+ 0-1

[Event "AUT-chW"]
[Site "Gallspach (OOe)"]
[Date "1997.07.28"]
[Round "1"]
[White "Horvath, Maria"]
[Black "Hohendanner, Sonja"]
[Result "1-0"]
[WhiteElo "2070"]
[BlackElo "1636"]
[PlyCount "83"]
[EventDate "1997.07.28"]

1. d4 d5 2. c4 e6 3. Nc3 Nf6 4. cxd5 exd5 5. Bg5 Be7 6. e3 O-O 7. Bd3 Nbd7 8.
Qc2 h6 9. Bh4 c6 10. Nge2 Nb6 11. O-O Re8 12. f3 Nh5 13. Bf2 Bd6 14. e4 dxe4
15. fxe4 Nf4 16. Nxf4 Bxf4 17. Rae1 Bg5 18. Kh1 Be6 19. b3 Bf6 20. Ne2 Rc8 21.
Qc5 Be7 22. Qh5 Qd7 23. h3 Bg5 24. Bb1 Rf8 25. Bg1 Rcd8 26. Ng3 Qc7 27. Qf3 Qd7
28. Rd1 Qc7 29. e5 Nd5 30. h4 Be7 31. Qd3 g6 32. h5 Nb4 33. Qd2 Kg7 34. Be3 Rh8
35. hxg6 fxg6 36. a3 Nd5 37. Qd3 Bf7 {} 38. Rxf7+ Kxf7 39. Qxg6+ Kf8 40. Bxh6+
Rxh6+ 41. Qxh6+ Ke8 42. Bg6+ 1-0

[Event "AUT-chW"]
[Site "Gallspach (OOe)"]
[Date "1997.07.28"]
[Round "1"]
[White "Hapala, Michaela"]
[Black "Schwaninger, Ulrike"]
[Result "1-0"]
[WhiteElo "1842"]
[BlackElo "1776"]
[PlyCount "87"]
[EventDate "1997.07.28"]

1. c4 e5 2. g3 d6 3. Bg2 g6 4. Nc3 f5 5. d4 Bg7 6. dxe5 Bxe5 7. Qc2 Bg7 8. Nh3
Nf6 9. Bg5 O-O 10. Nd5 c6 11. Nxf6+ Bxf6 12. Bxf6 Qxf6 13. O-O Be6 14. Rad1 Bf7
15. e4 fxe4 16. Bxe4 Na6 17. f4 d5 18. cxd5 cxd5 19. Bg2 Rac8 20. Qd2 Qf5 21.
Ng5 Rc2 22. Nxf7 Rxf7 23. Qxd5 Rxb2 24. Qd4 Qc2 25. Rf2 Qxf2+ 26. Qxf2 Rxf2 27.
Kxf2 Rc7 28. Rd8+ Kg7 29. Bd5 b6 30. Rg8+ Kf6 31. g4 Rc2+ 32. Kg3 Nb4 33. g5+
Ke7 34. Bb3 Rc3+ 35. Kg4 Nd3 36. f5 gxf5+ 37. Kxf5 Rc5+ 38. Kg4 Ne5+ 39. Kh5
Nf7 40. Rg7 Rf5 {} 41. h4 Kf8 42. Rxh7 a6 43. Kg6 Nd6 44. Rd7 1-0

[Event "AUT-chW"]
[Site "Gallspach (OOe)"]
[Date "1997.07.28"]
[Round "1"]
[White "Hackbarth, Christa"]
[Black "Borek, Jutta"]
[Result "1/2-1/2"]
[WhiteElo "1729"]
[BlackElo "2093"]
[PlyCount "58"]
[EventDate "1997.07.28"]

1. d4 Nf6 2. Nf3 g6 3. Bf4 d6 4. h3 Bg7 5. e3 Nbd7 6. Be2 O-O 7. O-O h6 8. Nbd2
Nh7 9. c3 e5 10. Bg3 Qe7 11. Qc2 f5 12. Bc4+ Kh8 13. Nh4 Qf6 14. f4 exf4 15.
Rxf4 Ng5 16. Raf1 Nb6 17. Bb3 Be6 18. e4 Bxb3 19. axb3 Qe6 20. exf5 gxf5 21.
Rxf5 Rxf5 22. Rxf5 Nd5 23. Qd3 Re8 24. Kh2 Kg8 25. Nhf3 Nxf3+ 26. Rxf3 Qe2 27.
Qf5 Qe6 28. Qd3 Qe2 29. Qf5 Qe6 {} 1/2-1/2

[Event "AUT-chW"]
[Site "Gallspach (OOe)"]
[Date "1997.07.28"]
[Round "1"]
[White "Mira, Helene"]
[Black "Hennings, Margit"]
[Result "1-0"]
[WhiteElo "2131"]
[BlackElo "1890"]
[PlyCount "109"]
[EventDate "1997.07.28"]

1. d4 Nf6 2. c4 g6 3. Nc3 Bg7 4. e4 d6 5. Nf3 O-O 6. Be2 Nbd7 7. Bg5 e5 8. d5
a6 9. Nd2 Qe8 10. b4 h6 11. Be3 Nh7 12. c5 f5 13. f3 Ndf6 14. Nc4 fxe4 15. fxe4
Qe7 16. O-O Bd7 17. cxd6 cxd6 18. Nb6 Rad8 19. Rc1 Be8 20. a4 g5 21. g4 Bg6 22.
Bf3 Nd7 23. Ne2 Nxb6 24. Bxb6 Rc8 25. Ng3 Nf6 26. Qb3 Qd7 27. h3 h5 28. Nf5
hxg4 29. hxg4 Bxf5 30. exf5 Kf7 31. Be3 e4 32. Be2 Nh7 33. Rc4 Rxc4 34. Qxc4
Be5 35. f6 Re8 36. Rf5 Bxf6 37. b5 axb5 38. axb5 Kg6 39. b6 Re5 40. Rxe5 Bxe5
41. Qxe4+ Kg7 42. Bd3 Kh8 43. Qc4 Nf6 44. Bf5 Qg7 45. Qc8+ Ng8 46. Kf1 Qh6 47.
Qxb7 Qh3+ 48. Ke2 Qg2+ 49. Bf2 Nf6 50. Qc8+ {} 50... Kg7 51. Qc7+ Kf8 52. b7
Bg3 53. b8=Q+ Ne8 54. Qxe8+ Kxe8 55. Bg6+ 1-0

[Event "AUT-chW"]
[Site "Gallspach (OOe)"]
[Date "1997.07.28"]
[Round "1"]
[White "Hanel, Edith"]
[Black "Lukan, Dunja"]
[Result "1/2-1/2"]
[WhiteElo "1835"]
[BlackElo "1804"]
[PlyCount "57"]
[EventDate "1997.07.28"]

1. d4 Nf6 2. Nf3 d5 3. Bf4 e6 4. e3 c5 5. c3 Nc6 6. Bd3 Bd6 7. Bg3 cxd4 8. cxd4
Bxg3 9. hxg3 Bd7 10. Nbd2 Nb4 11. Bb1 Rc8 12. a3 Nc6 13. b4 h6 14. Nb3 b6 15.
O-O Ne7 16. a4 Rc7 17. Ne5 Nc8 18. Qd3 Nd6 19. Rc1 Nfe4 20. Rxc7 Qxc7 21. Qc2
Qc3 22. Qxc3 Nxc3 23. b5 Nxb1 24. Rxb1 Ke7 25. Rc1 Rc8 26. Rxc8 Nxc8 27. Kf1
Nd6 28. Ke2 f6 29. Nf3 {} 1/2-1/2

[Event "AUT-chW"]
[Site "Gallspach (OOe)"]
[Date "1997.07.29"]
[Round "2"]
[White "Sommer, Sonja"]
[Black "Lukan, Dunja"]
[Result "1-0"]
[WhiteElo "1955"]
[BlackElo "1804"]
[PlyCount "69"]
[EventDate "1997.07.29"]

1. e4 e6 2. d4 d5 3. e5 c5 4. c3 Nc6 5. Nf3 Bd7 6. a3 cxd4 7. cxd4 Nge7 8. Nc3
a6 9. b4 b5 10. Bd3 Nc8 11. O-O Be7 12. Ne2 Nb6 13. Ne1 f6 14. f4 O-O 15. exf6
Bxf6 16. Nf3 Rc8 17. Ra2 g6 18. Qe1 Qe7 19. Rc2 Na7 20. Rxc8 Nbxc8 21. Nd2 Nc6
22. Nb3 Nd6 23. Qc3 Nf5 24. Bxf5 exf5 25. Re1 Qd6 26. Qc5 Qe6 27. Bd2 Be7 28.
Qc3 Qf6 29. Nc5 Bc8 30. Be3 Re8 31. Nd3 Qe6 32. Ne5 Nd8 33. Rc1 Nf7 34. Qc6 {}
34... Nd8 35. Qxc8 1-0

[Event "AUT-chW"]
[Site "Gallspach (OOe)"]
[Date "1997.07.29"]
[Round "2"]
[White "Hennings, Margit"]
[Black "Hanel, Edith"]
[Result "1-0"]
[WhiteElo "1890"]
[BlackElo "1835"]
[PlyCount "91"]
[EventDate "1997.07.29"]

1. e4 d6 2. d4 Nf6 3. Bd3 g6 4. f4 Bg7 5. Nf3 c6 6. O-O O-O 7. h3 b5 8. Be3 a6
9. Qd2 Nbd7 10. f5 c5 11. c3 Bb7 12. fxg6 hxg6 13. d5 Qc7 14. Bh6 c4 15. Bxg7
Kxg7 16. Bc2 Nc5 17. Qg5 Nh5 18. Qe3 e5 19. dxe6 Nxe6 20. Nbd2 Qc5 21. Nd4 Ng5
22. Rf5 {} 22... Nxh3+ 23. gxh3 gxf5 24. Qg5+ Kh7 25. Qxh5+ Kg7 26. Qg5+ Kh7
27. Kf2 Rg8 28. Qh5+ Kg7 29. Rg1+ Kf8 30. Rxg8+ Kxg8 31. exf5 Qe5 32. N2f3 Qf4
33. Qg4+ Qxg4 34. hxg4 Kg7 35. g5 Re8 36. f6+ Kg8 37. Nf5 d5 38. Ne7+ Kf8 39.
Nd4 Bc8 40. Bf5 Bxf5 41. Ndxf5 Rd8 42. Ke3 a5 43. Kd4 b4 44. Nh6 bxc3 45. bxc3
Rb8 46. g6 1-0

[Event "AUT-chW"]
[Site "Gallspach (OOe)"]
[Date "1997.07.29"]
[Round "2"]
[White "Borek, Jutta"]
[Black "Mira, Helene"]
[Result "0-1"]
[WhiteElo "2093"]
[BlackElo "2131"]
[PlyCount "72"]
[EventDate "1997.07.29"]

1. c4 e5 2. g3 Nf6 3. Bg2 Nc6 4. Nc3 Bc5 5. a3 a5 6. e3 d6 7. Nge2 O-O 8. O-O
Ba7 9. b3 Bg4 10. h3 Bf5 11. d3 Qc8 12. Kh2 h5 13. Nd5 Nxd5 14. cxd5 Ne7 15. e4
Bg6 16. f4 exf4 17. Nxf4 Bd4 18. Ra2 c5 19. Nxh5 Bxh5 20. Qxh5 Ng6 21. h4 Ne5
22. Bh3 Qc7 23. Qe2 Qb6 24. Qc2 Qb5 25. Bf4 Ra6 26. Bxe5 Bxe5 27. a4 Qe8 28.
Kg2 b5 {} 29. h5 bxa4 30. bxa4 Rb6 31. g4 Qe7 32. Rf5 Rfb8 33. Kf3 Rb2 34.
Rxb2 Rxb2 35. Qc1 Qh4 36. Qf1 Qg3# 0-1

[Event "AUT-chW"]
[Site "Gallspach (OOe)"]
[Date "1997.07.29"]
[Round "2"]
[White "Hohendanner, Sonja"]
[Black "Hapala, Michaela"]
[Result "0-1"]
[WhiteElo "1636"]
[BlackElo "1842"]
[PlyCount "110"]
[EventDate "1997.07.29"]

1. d4 f5 2. Nf3 e6 3. Bf4 Nf6 4. e3 Be7 5. Be2 O-O 6. h3 c5 7. c3 Nc6 8. O-O
Kh8 9. Nbd2 cxd4 10. cxd4 d6 11. Rc1 a6 12. a4 Nd7 13. Nc4 Nf6 14. Qb3 Nd5 15.
Bh2 a5 16. Na3 f4 17. Bc4 fxe3 18. fxe3 Nc7 19. Nb5 Nxb5 20. Bxb5 Bd7 21. d5
exd5 22. Qxd5 Rf5 23. Qd2 d5 24. Rcd1 Qb6 25. Kh1 Raf8 26. Bg1 Bc5 27. Nh2 Rd8
28. Rxf5 Bxf5 29. Nf3 Nb4 30. Nd4 Be4 31. Rf1 Qh6 32. Nf3 Rf8 33. Qe2 b6 34.
Kh2 Nc2 35. Bd3 {} 35... Nxe3 36. Bxe3 Qxe3 37. Qxe3 Bxe3 38. Bxe4 dxe4 39.
Nd2 Rxf1 40. Nxf1 Bc1 41. Kg3 g5 42. b3 Kg7 43. Kf2 Kf6 44. Ke2 Ke5 45. g3 Kd4
46. Nd2 Bxd2 47. Kxd2 e3+ 48. Ke2 Kc3 49. Kxe3 Kxb3 50. Ke4 Kxa4 51. Kf5 b5 52.
Kxg5 b4 53. Kh6 b3 54. g4 b2 55. g5 b1=Q 0-1

[Event "AUT-chW"]
[Site "Gallspach (OOe)"]
[Date "1997.07.30"]
[Round "3"]
[White "Horvath, Maria"]
[Black "Sommer, Sonja"]
[Result "1/2-1/2"]
[WhiteElo "2070"]
[BlackElo "1955"]
[PlyCount "81"]
[EventDate "1997.07.30"]

1. d4 d5 2. c4 e5 3. dxe5 d4 4. a3 Be6 5. Nf3 Nc6 6. e3 dxe3 7. Qxd8+ Rxd8 8.
Bxe3 Nge7 9. Nc3 Ng6 10. Nb5 Rd7 11. Rd1 Ncxe5 12. Nxe5 Nxe5 13. Rxd7 Kxd7 14.
c5 a6 15. Nc3 Nc4 16. Bxc4 Bxc4 17. b4 Be7 18. Bd4 Re8 19. Kd2 Bg5+ 20. Kc2 g6
21. g3 Re6 22. Rd1 Kc8 23. f4 Bf6 24. Bxf6 Rxf6 25. Rd4 Be6 26. Kd2 Bf5 27. Nd5
Re6 28. Ne3 Be4 29. g4 Bc6 30. g5 f6 31. h4 f5 32. Nc4 Re4 33. Rxe4 Bxe4 34.
Ke3 Kd7 35. Kd4 Ke6 36. Ne5 Bg2 37. Nc4 Bd5 38. Na5 b6 39. Nc4 Bxc4 40. Kxc4
b5+ 41. Kd4 {} 1/2-1/2

[Event "AUT-chW"]
[Site "Gallspach (OOe)"]
[Date "1997.07.30"]
[Round "3"]
[White "Hapala, Michaela"]
[Black "Kirchmayr, Elisabeth"]
[Result "0-1"]
[WhiteElo "1842"]
[BlackElo "1819"]
[PlyCount "128"]
[EventDate "1997.07.30"]

1. c4 b6 2. d4 Nf6 3. Nc3 Bb7 4. f3 d6 5. e4 Nc6 6. Be3 e6 7. Bd3 Be7 8. a3 O-O
9. Qc2 e5 10. d5 Nb8 11. Nge2 Nh5 12. Qd2 Nd7 13. O-O Nc5 14. Bc2 Bc8 15. b4
Nd7 16. Kh1 a5 17. b5 Nc5 18. g4 Nf6 19. Ng3 Ne8 20. Rg1 g6 21. Bh6 Ng7 22. Nh5
Bf6 23. g5 Nxh5 24. Bxf8 Qxf8 25. gxf6 Nxf6 26. Qg5 Kg7 27. Raf1 Bh3 28. Rf2
Qd8 29. Rg3 h6 30. Qc1 Qc8 31. f4 Nh5 32. Rgf3 Bg4 33. Re3 Nxf4 34. Qf1 g5 35.
Bd1 Bxd1 36. Qxd1 f5 37. exf5 Qxf5 38. Qf3 Rf8 39. Qd1 Qg6 40. Qf1 Rf7 41. Qd1
Nfd3 42. Rxf7+ Kxf7 43. Qf3+ Nf4 44. Qf2 Kg7 45. Rg3 Ne4 46. Nxe4 Qxe4+ 47. Qf3
Qxc4 48. h4 Qxd5 49. Qxd5 Nxd5 50. hxg5 hxg5 51. Rxg5+ Kf6 52. Rg4 Nc3 53. a4
d5 {} 54. Rh4 d4 55. Rh7 Nxa4 56. Rxc7 Ke6 57. Kg1 Kd5 58. Rc6 e4 59. Kf1 e3
60. Ke1 d3 61. Rc8 Kd4 62. Rd8+ Kc3 63. Rc8+ Kb4 64. Re8 d2+ 0-1

[Event "AUT-chW"]
[Site "Gallspach (OOe)"]
[Date "1997.07.30"]
[Round "3"]
[White "Hackbarth, Christa"]
[Black "Hohendanner, Sonja"]
[Result "1/2-1/2"]
[WhiteElo "1729"]
[BlackElo "1636"]
[PlyCount "63"]
[EventDate "1997.07.30"]

1. d4 d5 2. Nf3 Nf6 3. Bf4 e6 4. e3 Be7 5. Bd3 O-O 6. h3 b6 7. O-O Bb7 8. c3
Nbd7 9. Nbd2 c5 10. Re1 h6 11. Rc1 Rc8 12. Qe2 c4 13. Bc2 b5 14. e4 dxe4 15.
Nxe4 Nxe4 16. Bxe4 Bxe4 17. Qxe4 Nf6 18. Qb7 Qd7 19. Qa6 Qc6 20. Qxc6 Rxc6 21.
a3 Bd6 22. Bd2 a6 23. Ra1 Rb8 24. Re2 Rcb6 25. Ne1 Nd5 26. Re4 a5 27. Nc2 b4
28. axb4 axb4 29. cxb4 Bxb4 30. Bxb4 Nxb4 31. Ne3 Rc6 32. Rc1 {} 1/2-1/2

[Event "AUT-chW"]
[Site "Gallspach (OOe)"]
[Date "1997.07.30"]
[Round "3"]
[White "Hanel, Edith"]
[Black "Borek, Jutta"]
[Result "1/2-1/2"]
[WhiteElo "1835"]
[BlackElo "2093"]
[PlyCount "121"]
[EventDate "1997.07.30"]

1. d4 Nf6 2. Nf3 e6 3. Bf4 b6 4. e3 Bb7 5. Bd3 c5 6. c3 d6 7. h3 Nbd7 8. O-O
Be7 9. Qe2 O-O 10. Nbd2 a6 11. Nc4 Ne8 12. e4 b5 13. Ncd2 c4 14. Bc2 f6 15. Bg3
e5 16. Nh4 g6 17. Qg4 Ng7 18. Rfe1 Qe8 19. Qe2 Nh5 20. Rf1 Nxg3 21. fxg3 exd4
22. cxd4 Kg7 23. Rf4 f5 24. exf5 Bxh4 25. Qxe8 Raxe8 26. gxh4 Re2 27. Rf2 Rxf2
28. Kxf2 gxf5 29. Re1 Kf6 30. Re3 Rg8 31. Rg3 Re8 32. Re3 Rg8 33. Rg3 Rxg3 34.
Kxg3 Nf8 35. Bd1 Ne6 36. Bf3 Bc8 37. d5 Nc7 38. Kf4 Bb7 39. g4 fxg4 40. Ne4+
Ke7 41. hxg4 Bxd5 42. g5 Ne6+ 43. Ke3 Ng7 44. Kf4 Bf7 45. Nf6 Ne6+ 46. Ke3 Bg6
47. Bg4 Nc5 48. Nd5+ Kd8 49. Nb4 Na4 50. b3 cxb3 51. axb3 Nc5 52. Nc6+ Kc7 53.
Ne7 Bb1 54. b4 Nb7 55. Nd5+ Kd8 56. Nb6 Kc7 57. Nd5+ Kd8 58. Nb6 a5 59. Bf3
axb4 60. Bxb7 Kc7 61. Be4 {} 1/2-1/2

[Event "AUT-chW"]
[Site "Gallspach (OOe)"]
[Date "1997.07.31"]
[Round "4"]
[White "Sommer, Sonja"]
[Black "Hennings, Margit"]
[Result "1-0"]
[WhiteElo "1955"]
[BlackElo "1890"]
[PlyCount "54"]
[EventDate "1997.07.31"]

1. e4 c5 2. Nf3 Nc6 3. d4 cxd4 4. Nxd4 g6 5. Nc3 Bg7 6. Be3 d6 7. Bc4 Nf6 8. f3
O-O 9. Qd2 a6 10. O-O-O Qc7 11. Bb3 b5 {} 12. Nxc6 Qxc6 13. Nd5 Qb7 14. Nxf6+
Bxf6 15. Bd5 Qb8 16. Bxa8 Qxa8 17. Bh6 Rd8 18. h4 Be6 19. Bg5 Qc6 20. Bxf6 exf6
21. h5 Bxa2 22. hxg6 fxg6 23. Qd4 Bb3 24. Rd2 a5 25. Kb1 Bf7 26. Qxf6 Rd7 27.
e5 dxe5 1-0

[Event "AUT-chW"]
[Site "Gallspach (OOe)"]
[Date "1997.07.31"]
[Round "4"]
[White "Schwaninger, Ulrike"]
[Black "Hanel, Edith"]
[Result "1-0"]
[WhiteElo "1776"]
[BlackElo "1835"]
[PlyCount "89"]
[EventDate "1997.07.31"]

1. c4 d6 2. d4 Nf6 3. Nc3 g6 4. g3 Bg7 5. Bg2 Nbd7 6. e4 c5 7. Nge2 O-O 8. h3
Rb8 9. Be3 a6 10. a4 Ne8 11. dxc5 Qa5 12. cxd6 Nxd6 13. Qd5 Qb4 14. O-O Qxc4
15. Qxc4 Nxc4 16. Bc1 Nc5 17. b4 Nd3 18. Rb1 Nxc1 19. Rfxc1 Nd6 20. Nd5 e6 21.
Ne7+ Kh8 22. f4 Re8 23. Nxc8 Rexc8 24. Rxc8+ Nxc8 25. Rd1 Ne7 26. Rd7 Nc6 27.
b5 axb5 28. axb5 Na7 29. b6 Nc6 30. e5 Na5 {} 31. Rxf7 Kg8 32. Re7 Bf8 33.
Rxe6 Kf7 34. Bd5 Kg7 35. Rf6 Rd8 36. Rf7+ Kh8 37. Bxb7 Bc5+ 38. Kg2 Rd2 39. Kf3
Rd3+ 40. Kg2 Kg8 41. Rc7 Bxb6 42. Rc8+ Kf7 43. Ba6 Rd2 44. Kf3 Nb3 45. Bc4+ 1-0

[Event "AUT-chW"]
[Site "Gallspach (OOe)"]
[Date "1997.07.31"]
[Round "4"]
[White "Hohendanner, Sonja"]
[Black "Mira, Helene"]
[Result "0-1"]
[WhiteElo "1636"]
[BlackElo "2131"]
[PlyCount "82"]
[EventDate "1997.07.31"]

1. d4 Nf6 2. Nf3 g6 3. Bf4 Bg7 4. e3 d6 5. h3 c5 6. c3 O-O 7. Be2 cxd4 8. exd4
Nc6 9. O-O Nd5 10. Bh2 e5 11. dxe5 dxe5 12. Bc4 Be6 13. Bb3 e4 14. Nd4 Nxd4 15.
cxd4 Qb6 16. Nc3 Rad8 17. Nxe4 Bxd4 18. Qe2 Rfe8 19. Kh1 Nb4 20. Bxe6 Rxe6 21.
a3 Nc6 22. Qc2 Qxb2 23. Qxb2 Bxb2 24. Ng5 Re2 25. Rab1 b6 26. a4 Rdd2 27. Bg3
Nd4 28. Rbd1 Rxd1 29. Rxd1 h6 30. Nf3 Nxf3 31. gxf3 Bc3 32. Rd8+ Kg7 33. Rd7 a5
34. Rd6 Rb2 35. Kg2 Rb4 36. Rc6 Bd4 37. Bc7 f6 38. Bd6 Rxa4 39. Rc7+ Kg8 40.
Rc8+ Kf7 41. Rc7+ Ke6 {} 0-1

[Event "AUT-chW"]
[Site "Gallspach (OOe)"]
[Date "1997.07.31"]
[Round "4"]
[White "Kirchmayr, Elisabeth"]
[Black "Hackbarth, Christa"]
[Result "0-1"]
[WhiteElo "1819"]
[BlackElo "1729"]
[PlyCount "78"]
[EventDate "1997.07.31"]

1. d4 d5 2. Bg5 Nd7 3. e3 Ngf6 4. Nd2 e5 5. dxe5 Nxe5 6. Ngf3 Bd6 7. Be2 c6 8.
O-O O-O 9. Rc1 Re8 10. c4 Be6 11. c5 Nxf3+ 12. Nxf3 Be7 13. Nd4 Bd7 14. b4 Qc7
15. Bf4 Qd8 16. Qc2 Ne4 17. Bd3 Bg5 18. Bxe4 Rxe4 19. Bxg5 Qxg5 20. f4 Qg6 21.
Rf3 Rae8 22. Qf2 Qf6 23. a3 Qe7 24. Rc3 f5 25. Ne2 Qf6 26. Nd4 Qe7 27. Qd2 Qf6
28. Rg3 g6 29. Nf3 Qd8 30. Ne5 Be6 31. Rd3 Qc7 32. Qc3 Bf7 33. Rh3 Re6 34. Rg3
Qe7 35. a4 Be8 36. Rd4 Qf6 37. Rxe4 fxe4 38. Qd4 Qd8 39. Ng4 Qh4 {
Zeitueberschreitung. } 0-1

[Event "AUT-chW"]
[Site "Gallspach (OOe)"]
[Date "1997.07.31"]
[Round "4"]
[White "Horvath, Maria"]
[Black "Hapala, Michaela"]
[Result "1-0"]
[WhiteElo "2070"]
[BlackElo "1842"]
[PlyCount "147"]
[EventDate "1997.07.31"]

1. d4 f5 2. Nf3 e6 3. g3 Nf6 4. Bg2 d5 5. c4 c6 6. O-O Bd6 7. Bf4 Bxf4 8. gxf4
Nbd7 9. c5 Ne4 10. Nbd2 b6 11. cxb6 axb6 12. e3 c5 13. Nb3 c4 14. Nc1 O-O 15.
Ne2 Kh8 16. Ne5 Qh4 17. Bxe4 fxe4 18. f3 Nxe5 19. dxe5 exf3 20. Rxf3 g5 21. Rg3
gxf4 22. exf4 Bb7 23. Qd4 Ra6 24. a3 Qh5 25. Rg2 Qf3 26. Rf1 Qe4 27. Qxe4 dxe4
28. Nc3 b5 29. Re2 Rg8+ 30. Kf2 Rg4 31. Ke3 Rh4 32. Rd1 Rh3+ 33. Kd4 Rf3 34.
Kc5 Ra8 35. Rd7 Rb8 36. Nxe4 Rxf4 37. Ng5 Rh4 38. Nxe6 {} 38... Rc8+ 39. Nc7
Rh5 40. Kxb5 Bf3 41. Re3 Bg4 42. Re7 Rxh2 43. Kxc4 Rxb2 44. Kd5 h5 45. Re8+ Kg7
46. Rxc8 Bxc8 47. e6 Rd2+ 48. Kc5 Rc2+ 49. Kd6 Rd2+ 50. Nd5 Kf8 51. Rf3+ Ke8
52. Rg3 Bxe6 53. Kxe6 Re2+ 54. Kf5 h4 55. Rh3 Ra2 56. Kg4 Rd2 57. Nf4 Rd4 58.
Rxh4 Ra4 59. Rh3 Kd7 60. Rc3 Kd6 61. Kf3 Ke5 62. Ne2 Kd5 63. Ke3 Rc4 64. Kd3
Ra4 65. Kc2 Re4 66. Nc1 Rh4 67. Kb3 Rh8 68. Nd3 Rb8+ 69. Nb4+ Kd4 70. a4 Rb7
71. a5 Rb8 72. a6 Ke5 73. Rc6 Ra8 74. Ka4 {} 1-0

[Event "AUT-chW"]
[Site "Gallspach (OOe)"]
[Date "1997.08.01"]
[Round "5"]
[White "Hapala, Michaela"]
[Black "Sommer, Sonja"]
[Result "0-1"]
[WhiteElo "1842"]
[BlackElo "1955"]
[PlyCount "50"]
[EventDate "1997.08.01"]

1. c4 Nf6 2. d4 e5 3. dxe5 Ne4 4. Qd4 Nc5 5. Bf4 Nc6 6. Qd1 d6 7. exd6 Qf6 8.
Qd2 Ne4 9. Qe3 Be6 10. Nd2 Nxd6 11. Bxd6 Bxd6 12. Ngf3 O-O-O 13. Qc3 Qg6 14. a3
Rhe8 15. e3 Be7 16. g3 Bf6 17. Qc1 Bg4 18. h3 {} 18... Bxf3 19. Nxf3 Qe4 20.
Bg2 Nd4 21. Nxd4 Qxg2 22. Kd2 Rxd4+ 23. exd4 Bg5+ 24. Kc3 Bxc1 25. Raxc1 Qxf2
0-1

[Event "AUT-chW"]
[Site "Gallspach (OOe)"]
[Date "1997.08.01"]
[Round "5"]
[White "Hackbarth, Christa"]
[Black "Horvath, Maria"]
[Result "1/2-1/2"]
[WhiteElo "1729"]
[BlackElo "2070"]
[PlyCount "56"]
[EventDate "1997.08.01"]

1. d4 Nf6 2. Nf3 b6 3. Bf4 Bb7 4. Nbd2 e6 5. e3 c5 6. c3 Be7 7. Be2 O-O 8. O-O
Nh5 9. Bg3 Nxg3 10. hxg3 cxd4 11. Nxd4 d5 12. N2f3 Nd7 13. Bb5 Qc7 14. Qe2 a6
15. Bd3 Nc5 16. Bc2 g6 17. Rfd1 e5 18. Nb3 Bf6 19. c4 Rfd8 20. cxd5 Bxd5 21.
Nxc5 Qxc5 22. Rd2 e4 23. Nd4 Bc4 24. Qd1 Bxd4 25. Bxe4 Bf6 26. Bxa8 Rxa8 27.
Qf3 Rd8 28. Rc2 Kg7 {} 1/2-1/2

[Event "AUT-chW"]
[Site "Gallspach (OOe)"]
[Date "1997.08.01"]
[Round "5"]
[White "Mira, Helene"]
[Black "Kirchmayr, Elisabeth"]
[Result "1-0"]
[WhiteElo "2131"]
[BlackElo "1819"]
[PlyCount "123"]
[EventDate "1997.08.01"]

1. d4 Nf6 2. c4 d6 3. Nc3 Bg4 4. f3 Bh5 5. e4 e6 6. Nge2 Be7 7. Qb3 Qc8 8. g4
Bg6 9. h4 h5 10. g5 Nfd7 11. Nf4 Nf8 12. Bh3 Nbd7 13. Be3 c6 14. Rd1 Qc7 15.
Ke2 Qb6 16. Qc2 Qa5 17. Kf2 Nb6 18. b3 d5 19. c5 Nbd7 20. Nxg6 Nxg6 21. exd5
exd5 22. b4 Qc7 23. a4 O-O 24. Qf5 Rfd8 25. Bf1 Ngf8 26. Bd3 g6 27. Qh3 Kg7 28.
Ne2 Ne6 29. f4 Ndf8 30. f5 gxf5 31. Bxf5 Ng6 32. Bxe6 fxe6 33. Qxe6 Rf8+ 34.
Kg2 Rae8 35. Qh3 Bd8 36. Ng3 Nxh4+ 37. Qxh4 Rxe3 38. Rdf1 Rxg3+ 39. Qxg3 Qxg3+
40. Kxg3 Rxf1 41. Rxf1 Bxg5 42. b5 Bf6 43. Rd1 Kf7 44. Kf4 Ke6 45. Ke3 h4 46.
Rh1 Kd7 47. Kd3 b6 48. cxb6 axb6 49. Rf1 Be7 50. Rf5 Kd6 51. Rh5 cxb5 52. axb5
Ke6 53. Rh8 Kd7 54. Rh7 Ke6 55. Kc3 Bf6 56. Kd3 Be7 57. Rh8 Kd7 58. Rh6 Bd8 59.
Ke2 Kc7 60. Kf3 Be7 61. Kg4 Bd8 62. Kf5 {} 1-0

[Event "AUT-chW"]
[Site "Gallspach (OOe)"]
[Date "1997.08.01"]
[Round "5"]
[White "Hanel, Edith"]
[Black "Hohendanner, Sonja"]
[Result "1-0"]
[WhiteElo "1835"]
[BlackElo "1636"]
[PlyCount "119"]
[EventDate "1997.08.01"]

1. d4 d5 2. Nf3 Nf6 3. Bf4 e6 4. e3 Be7 5. Bd3 O-O 6. h3 b6 7. O-O Bb7 8. Nbd2
Nbd7 9. c4 c5 10. Bg3 cxd4 11. Nxd4 Nc5 12. Be2 Rc8 13. cxd5 Nxd5 14. Bf3 Ba8
15. Rc1 Nf6 16. Qe2 Bxf3 17. N2xf3 Qd7 18. Rfd1 Qb7 19. a3 Nce4 20. Bh2 Rfd8
21. Ne5 Rxc1 22. Rxc1 h6 23. Nec6 Rd7 24. f3 Ng5 25. Ne5 Rd8 26. Nec6 Rd7 27.
Nxe7+ Rxe7 28. Qc4 Ngh7 29. Qc8+ Qxc8 30. Rxc8+ Re8 31. Rc7 Nd5 32. Rxa7 Nxe3
33. Rb7 Nc4 34. b3 Nxa3 35. Rxb6 Nf6 36. Rb8 Rxb8 37. Bxb8 Nd5 38. Bd6 Nb1 39.
b4 Nbc3 40. Kf2 g6 41. Nc6 f5 42. Ke1 Kf7 43. Kd2 Nb5 44. Bc5 Nf4 45. Na7 Nxa7
46. Bxa7 {} 46... Nd5 47. b5 g5 48. b6 Nxb6 49. Bxb6 h5 50. Ke3 e5 51. Bd8 g4
52. hxg4 hxg4 53. fxg4 fxg4 54. Ke4 Ke6 55. Bc7 Kf6 56. Bxe5+ Kg5 57. g3 Kg6
58. Kf4 Kh5 59. Bd6 Kg6 60. Kxg4 1-0

[Event "AUT-chW"]
[Site "Gallspach (OOe)"]
[Date "1997.08.01"]
[Round "5"]
[White "Lukan, Dunja"]
[Black "Schwaninger, Ulrike"]
[Result "0-1"]
[WhiteElo "1804"]
[BlackElo "1776"]
[PlyCount "118"]
[EventDate "1997.08.01"]

1. d4 g6 2. c4 Bg7 3. Nc3 d6 4. e4 Nc6 5. Be3 e5 6. d5 Nce7 7. Nf3 f5 8. Be2 f4
9. Bc1 Nf6 10. b4 O-O 11. Rb1 c6 12. Nd2 cxd5 13. cxd5 a6 14. O-O b5 15. Nb3
Bd7 16. Bd2 Rc8 17. f3 Qb6+ 18. Kh1 g5 19. Be1 h5 20. Rc1 Ng6 21. Bf2 Qd8 22.
Nb1 g4 23. Rxc8 Qxc8 24. Qc1 h4 25. Qxc8 Rxc8 26. Rc1 Rxc1+ 27. Nxc1 Kf7 28.
Nb3 Bf8 29. Na5 Be7 30. Bb6 h3 31. Nd2 hxg2+ 32. Kxg2 Nh4+ 33. Kf2 gxf3 34.
Bxf3 Nxf3 35. Kxf3 Bg4+ 36. Kg2 Be2 37. h3 Nh7 38. Nc6 Bh4 39. Bc7 Ng5 40. Bxd6
f3+ {} 41. Nxf3 Bxf3+ 42. Kf1 Bxe4 43. Nxe5+ Ke8 44. Bc5 Bxd5 45. a3 Nxh3 46.
Ng4 Bc4+ 47. Kg2 Nf4+ 48. Kf3 Ne6 49. Bb6 Bg5 50. Ne5 Bd5+ 51. Ke2 Bc1 52. a4
bxa4 53. Nd3 Ba3 54. Kd2 Bc4 55. Ba5 Bxd3 56. Kxd3 Kd7 57. Kc4 Kc6 58. Kd3 Kb5
59. Kc3 Nf4 0-1

[Event "AUT-chW"]
[Site "Gallspach (OOe)"]
[Date "1997.08.01"]
[Round "5"]
[White "Hennings, Margit"]
[Black "Borek, Jutta"]
[Result "0-1"]
[WhiteElo "1890"]
[BlackElo "2093"]
[PlyCount "100"]
[EventDate "1997.08.01"]

1. e4 c5 2. Nf3 e6 3. d4 cxd4 4. c3 dxc3 5. Nxc3 d6 6. Bc4 a6 7. Qe2 Nc6 8. O-O
Be7 9. Rd1 Qc7 10. Bf4 Ne5 11. Bxe5 dxe5 12. Rac1 Qa5 13. a3 Nf6 14. Rd3 O-O
15. Rcd1 b5 16. b4 Qc7 17. Ba2 Bb7 18. h3 Rfd8 19. Bb1 Rxd3 20. Rxd3 Rd8 21.
Rxd8+ Qxd8 22. Qb2 Qc7 23. Kh2 h6 24. Nd2 Nd7 25. Ba2 Nb8 26. Ne2 Qb6 27. Kg1
Nc6 28. Kf1 Nd4 29. Nc3 Bh4 30. g3 Bg5 31. Bb1 Qc6 32. Ba2 Kh7 33. h4 Be7 34.
Bb1 g6 35. Bd3 f5 36. Kg2 g5 37. h5 Qe8 38. Ne2 Bf6 39. g4 fxg4 40. Ng3 Nf3 41.
Nxf3 gxf3+ 42. Kxf3 Qf7 43. Kg4 Bd8 {} 44. Ne2 Qxf2 45. Qxe5 Qh4+ 46. Kf3 g4+
47. Ke3 Bg5+ 48. Nf4 Qg3+ 49. Kd4 Qxf4 50. Qxe6 Bf6+ 0-1

[Event "AUT-chW"]
[Site "Gallspach (OOe)"]
[Date "1997.08.02"]
[Round "6"]
[White "Sommer, Sonja"]
[Black "Borek, Jutta"]
[Result "1/2-1/2"]
[WhiteElo "1955"]
[BlackElo "2093"]
[PlyCount "39"]
[EventDate "1997.08.02"]

1. e4 c5 2. Nf3 Nc6 3. d4 cxd4 4. Nxd4 e5 5. Nb5 d6 6. c4 Be7 7. N1c3 a6 8. Na3
Be6 9. Be2 Bg5 10. O-O Bxc1 11. Rxc1 Nf6 12. Nc2 O-O 13. Qd2 Rc8 14. Rfd1 Ne8
15. b3 Qh4 16. g3 Qh3 17. Nd5 Kh8 18. Bf1 Qh5 19. Nde3 Nf6 20. Bg2 {} 1/2-1/2